प्रेमचंद एवं गोर्की का कथा साहित्य : (Record no. 112220)

MARC details
000 -LEADER
fixed length control field 01177nam a22002657a 4500
005 - DATE AND TIME OF LATEST TRANSACTION
control field 20170124102935.0
010 ## - LIBRARY OF CONGRESS CONTROL NUMBER
LC control number B-015053
020 ## - INTERNATIONAL STANDARD BOOK NUMBER
Terms of availability 00.00
035 ## - SYSTEM CONTROL NUMBER
System control number B-015053
037 ## - SOURCE OF ACQUISITION
Source of stock number/acquisition Cen Lib/Ret
040 ## - CATALOGING SOURCE
Original cataloging agency DPL
Language of cataloging HN
082 ## - DEWEY DECIMAL CLASSIFICATION NUMBER
Classification number 809.8
Item number फणीश
100 ## - MAIN ENTRY--PERSONAL NAME
Personal name फणीश सिंह
9 (RLIN) 106029
245 ## - TITLE STATEMENT
Title प्रेमचंद एवं गोर्की का कथा साहित्य :
Statement of responsibility, etc फणीश सिंह
Remainder of title एक अध्धयन /
246 ## - VARYING FORM OF TITLE
Title proper/short title Premchand evam gorki ka katha sahitya : ek adhdhyan /
Remainder of title by Fanish Singh
260 ## - PUBLICATION, DISTRIBUTION, ETC. (IMPRINT)
Place of publication, distribution, etc नयी दिल्ली
Name of publisher, distributor, etc हर आनन्द पुब्लिकाशनस
Date of publication, distribution, etc 2000
270 ## - ADDRESS
City नयी दिल्ली
Address डी-९, अनद निकेतन
Postal code 110021
300 ## - PHYSICAL DESCRIPTION
Extent 169पृ.
Dimensions 19सेमी(सजिल्द )
500 ## - GENERAL NOTE
General note परिशष्ट और सन्दर्भ शामिल
650 ## - SUBJECT ADDED ENTRY--TOPICAL TERM
Topical term or geographic name as entry element हिंदी साहित्य
General subdivision
9 (RLIN) 106030
650 ## - SUBJECT ADDED ENTRY--TOPICAL TERM
Topical term or geographic name as entry element कथा साहित्य
9 (RLIN) 4735
650 ## - SUBJECT ADDED ENTRY--TOPICAL TERM
Topical term or geographic name as entry element Hindi literature
9 (RLIN) 106031
650 ## - SUBJECT ADDED ENTRY--TOPICAL TERM
Topical term or geographic name as entry element Hindi fiction
9 (RLIN) 27248
942 ## - ADDED ENTRY ELEMENTS (KOHA)
Source of classification or shelving scheme Dewey Decimal Classification
Koha item type Hindi Books
Classification part 809.8
Call number suffix फणीश
Holdings
Withdrawn status Lost status Damaged status Not for loan Home library Current library Date acquired Source of acquisition Cost, normal purchase price Total Checkouts Full call number Barcode Date last seen Date checked out Copy number Cost, replacement price Price effective from Koha item type
        Central Library Central Library 07/08/2015 Cen Lib/Ret 0.00 1 809.8 फणीश B-015053 20/10/2017 06/10/2017 1 0.00 07/08/2015 Hindi Books

© Delhi Public Library
Hit Counter
free hit counter